[Event "UK Blitz op Final"]
[Site "Leamington Spa"]
[Date "2023.12.02"]
[Round "5"]
[White "Al Saffar, Araz Basim Mohammed"]
[Black "Arkell, Keith C"]
[Result "1/2-1/2"]
[WhiteElo "2390"]
[BlackElo "2371"]
[PlyCount "123"]
[EventDate "2023.12.02"]
[EventType "tourn (blitz)"]
[EventRounds "15"]
[EventCountry "ENG"]
[EventCategory "3"]
[SourceTitle "CB49_2023"]
[SourceDate "2023.12.06"]
[SourceVersion "1"]
[SourceVersionDate "2023.12.06"]
[SourceQuality "1"]

1. d4 e6 2. Nf3 Nf6 3. Bg5 c5 4. e3 cxd4 5. exd4 Be7 6. Bd3 b6 7. Qe2 Bb7 8. Nbd2 d6 9. Bxf6 Bxf6 10. c3 Be7 11. 0-0-0 a6 12. h4 Nd7 13. Rde1 Nf6 14. Ng5 Qd7 15. h5 h6 16. Nge4 Nxe4 17. Bxe4 0-0-0 18. Bxb7+ Qxb7 19. Qf3 Qxf3 20. Nxf3 b5 21. Kc2 Kd7 22. a4 Rb8 23. axb5 axb5 24. Ra1 Rhc8 25. b4 Bf6 26. Ra7+ Rc7 27. Rha1 Rbb7 28. Rxb7 Rxb7 29. Kd3 e5 30. Ra5 Ke6 31. Nd2 Bg5 32. Ne4 f5 33. Nxg5+ hxg5 34. dxe5 dxe5 35. Ra6+ Kd5 36. Rg6 e4+ 37. Kc2 g4 38. Kb3 Re7 39. Rb6 g3 40. Rxb5+ Kc6 41. Rxf5 gxf2 42. Rxf2 e3 43. Re2 Kd5 44. b5 Ke4 45. c4 Kd3 46. Re1 Kd2 47. Ra1 e2 48. c5 e1Q 49. Rxe1 Rxe1 50. Kc4 Ke3 51. Kd5 Rd1+ 52. Kc6 Kd4 53. b6 Rc1 54. b7 Rxc5+ 55. Kb6 Rc2 56. b8Q Rb2+ 57. Kc7 Rxb8 58. Kxb8 Ke5 59. Kc7 Kf5 60. Kd6 Kg5 61. Ke5 Kxh5 62. Kf5 1/2-1/2

[Event "UK Blitz op Final"]
[Site "Leamington Spa"]
[Date "2023.12.02"]
[Round "3"]
[White "Al Saffar, Araz Basim Mohammed"]
[Black "Horton, Andrew P"]
[Result "0-1"]
[WhiteElo "2390"]
[BlackElo "2367"]
[PlyCount "67"]
[EventDate "2023.12.02"]
[EventType "tourn (blitz)"]
[EventRounds "15"]
[EventCountry "ENG"]
[EventCategory "3"]
[SourceTitle "CB49_2023"]
[SourceDate "2023.12.06"]
[SourceVersion "1"]
[SourceVersionDate "2023.12.06"]
[SourceQuality "1"]

1. d4 Nf6 2. Nf3 d6 3. g3 Nbd7 4. Bg2 e5 5. 0-0 Be7 6. b3 e4 7. Nfd2 d5 8. c4 c6 9. Ba3 Bxa3 10. Nxa3 0-0 11. Nc2 Qe7 12. Ne3 Nb6 13. c5 Nbd7 14. b4 a5 15. a3 b6 16. Qc2 Ba6 17. Rfe1 g6 18. Bh3 axb4 19. axb4 Bb5 20. Nb3 Rfb8 21. Qc3 Rxa1 22. Rxa1 bxc5 23. dxc5 Bxe2 24. Nd4 Bb5 25. Ra7 Qe8 26. Qa1 Ne5 27. Kg2 h5 28. Qa5 Nf3 29. Nec2 Nxd4 30. Nxd4 e3 31. Qc7 e2 32. Nxe2 Bxe2 33. Qf4 Kg7 34. Rc7 0-1

[Event "UK Blitz op Final"]
[Site "Leamington Spa"]
[Date "2023.12.02"]
[Round "7"]
[White "Al Saffar, Araz Basim Mohammed"]
[Black "Kozusek, Daniel"]
[Result "1-0"]
[WhiteElo "2390"]
[BlackElo "2365"]
[PlyCount "39"]
[EventDate "2023.12.02"]
[EventType "tourn (blitz)"]
[EventRounds "15"]
[EventCountry "ENG"]
[EventCategory "3"]
[SourceTitle "CB49_2023"]
[SourceDate "2023.12.06"]
[SourceVersion "1"]
[SourceVersionDate "2023.12.06"]
[SourceQuality "1"]

1. d4 d5 2. Nf3 Nf6 3. c4 e6 4. Nc3 Bb4 5. cxd5 exd5 6. Qa4+ Nc6 7. Bf4 Ne4 8. Rc1 0-0 9. e3 a6 10. Bd3 Bf5 11. Qc2 Nxc3 12. bxc3 Bxd3 13. Qxd3 Bd6 14. Bxd6 Qxd6 15. c4 Nb4 16. Qd2 c5 17. a3 Nc6 18. cxd5 Qxd5 19. Rxc5 Qa2 20. Qxa2 1-0

[Event "UK Blitz op Final"]
[Site "Leamington Spa"]
[Date "2023.12.02"]
[Round "4"]
[White "Ghasi, Ameet K"]
[Black "Al Saffar, Araz Basim Mohammed"]
[Result "1/2-1/2"]
[WhiteElo "2509"]
[BlackElo "2390"]
[PlyCount "110"]
[EventDate "2023.12.02"]
[EventType "tourn (blitz)"]
[EventRounds "15"]
[EventCountry "ENG"]
[EventCategory "3"]
[SourceTitle "CB49_2023"]
[SourceDate "2023.12.06"]
[SourceVersion "1"]
[SourceVersionDate "2023.12.06"]
[SourceQuality "1"]

1. Nf3 Nf6 2. g3 b6 3. Bg2 Bb7 4. 0-0 e6 5. d3 d5 6. Nbd2 Nbd7 7. e4 dxe4 8. dxe4 e5 9. Nc4 Qe7 10. b3 0-0-0 11. Nfd2 Nc5 12. Qe2 Ne6 13. c3 Nc5 14. a4 Qe6 15. a5 Kb8 16. axb6 axb6 17. Ba3 Nd3 18. Bxf8 Rhxf8 19. Ra3 Rd7 20. Ne3 Rfd8 21. Ra2 Nc5 22. Nd5 Nxd5 23. exd5 Bxd5 24. Bxd5 Qxd5 25. Rfa1 f6 26. b4 Nd3 27. Ne4 Qb7 28. Rd2 f5 29. Ng5 e4 30. Ne6 Re8 31. Nd4 Ne5 32. b5 Red8 33. Rda2 Nf3+ 34. Nxf3 exf3 35. Ra8+ Qxa8 36. Rxa8+ Kxa8 37. Qxf3+ Kb8 38. Qxf5 g6 39. Qe4 Rf8 40. c4 Rd1+ 41. Kg2 Rd2 42. Qe3 Rc2 43. Qd4 Kc8 44. h4 Rcxf2+ 45. Qxf2 Rxf2+ 46. Kxf2 Kd7 47. Ke3 Kd6 48. Kd4 h6 49. g4 h5 50. gxh5 gxh5 51. Ke4 Kc5 52. Kd3 Kd6 53. Kd4 Ke6 54. Ke4 Kd6 55. Kd4 Ke6 1/2-1/2

[Event "Titled Tuesday intern op 19th Sep Late"]
[Site "Chess.com INT"]
[Date "2023.09.19"]
[Round "6"]
[White "Lenoir Ibacache, Gabriel Alberto"]
[Black "Al Saffar, Araz Basim Mohammed"]
[Result "0-1"]
[WhiteElo "2225"]
[BlackElo "2390"]
[PlyCount "92"]
[EventDate "2023.09.19"]
[EventType "swiss (blitz)"]
[EventRounds "11"]
[EventCountry "USA"]
[SourceTitle "EXT 2024"]
[Source "ChessBase"]
[SourceDate "2023.10.10"]
[SourceVersion "1"]
[SourceVersionDate "2023.10.10"]
[SourceQuality "1"]

1. e4 d5 2. exd5 Qxd5 3. Nc3 Qd6 4. d4 c6 5. Nf3 Bg4 6. Be2 Nd7 7. Ne5 Bxe2 8. Qxe2 Qxd4 9. Nxd7 Qxd7 10. Bd2 Nf6 11. 0-0-0 e6 12. Bf4 Qc8 13. Be5 Be7 14. g4 0-0 15. g5 Nd5 16. Ne4 f5 17. gxf6 Nxf6 18. Ng5 h6 19. h4 Re8 20. Qd3 Rd8 21. Qg6 Rxd1+ 22. Kxd1 Qe8 23. Qxe8+ Rxe8 24. Nxe6 Bb4 25. Bxf6 Rxe6 26. Bd4 Rd6 27. c3 c5 28. Kc2 cxd4 29. cxb4 Rf6 30. Rf1 Rf3 31. Kd2 h5 32. Ke2 Rh3 33. Rd1 Rxh4 34. Kd3 Rf4 35. Ke2 h4 36. b5 h3 37. Rh1 Rh4 38. Kf3 g5 39. a4 h2 40. Kg3 Kf7 41. b4 Ke6 42. a5 Kd5 43. a6 b6 44. Kg2 d3 45. Kf3 Kd4 46. Kg3 d2 0-1

[Event "Titled Tuesday intern op 12th Sep Early"]
[Site "Chess.com INT"]
[Date "2023.09.12"]
[Round "6"]
[White "Al Saffar, Araz Basim Mohammed"]
[Black "Fiorito, Francisco"]
[Result "0-1"]
[WhiteElo "2390"]
[BlackElo "2339"]
[PlyCount "122"]
[EventDate "2023.09.12"]
[EventType "swiss (blitz)"]
[EventRounds "11"]
[EventCountry "USA"]
[SourceTitle "EXT 2024"]
[Source "ChessBase"]
[SourceDate "2023.10.10"]
[SourceVersion "1"]
[SourceVersionDate "2023.10.10"]
[SourceQuality "1"]

1. d4 Nf6 2. Nf3 g6 3. c4 c5 4. d5 Bg7 5. Nc3 d6 6. e4 e5 7. Be2 h6 8. 0-0 Nh5 9. g3 0-0 10. Ne1 Nf6 11. Nd3 a6 12. a4 Bh3 13. Re1 Nbd7 14. f3 Nb6 15. g4 Nh7 16. Nf2 Qh4 17. Be3 f5 18. Nxh3 Qxh3 19. Bf1 Qh4 20. Bf2 Qf6 21. exf5 gxf5 22. gxf5 Qxf5 23. a5 Nd7 24. Ne4 Qg6+ 25. Kh1 Ng5 26. Nxg5 hxg5 27. Bd3 Qh5 28. Kg2 Rf4 29. Re4 Raf8 30. Bg3 Qxf3+ 31. Qxf3 Rxf3 32. Be2 Rb3 33. Bg4 Rxb2+ 34. Re2 Rxe2+ 35. Bxe2 Nf6 36. Rb1 Rf7 37. Rb6 Rd7 38. Bd1 Bf8 39. Ba4 Rc7 40. Bxe5 Ne4 41. Bg3 Kf7 42. Bc2 Nxg3 43. hxg3 Kf6 44. Rb1 Ke5 45. Rf1 Bg7 46. Rf5+ Kd4 47. Rxg5 Kxc4 48. g4 Kb4 49. Rg6 Be5 50. g5 Kxa5 51. Re6 Kb4 52. g6 c4 53. Rxe5 dxe5 54. d6 Rg7 55. Bf5 c3 56. d7 Rg8 57. Kf3 Kc5 58. Be6 Rd8 59. Ke3 Kd6 60. Bf5 Ke7 61. Kd3 Kf6 0-1

[Event "Titled Tuesday intern op 12th Sep Early"]
[Site "Chess.com INT"]
[Date "2023.09.12"]
[Round "1"]
[White "Al Saffar, Araz Basim Mohammed"]
[Black "Janzelj, Tim"]
[Result "0-1"]
[WhiteElo "2390"]
[BlackElo "2457"]
[PlyCount "128"]
[EventDate "2023.09.12"]
[EventType "swiss (blitz)"]
[EventRounds "11"]
[EventCountry "USA"]
[SourceTitle "EXT 2024"]
[Source "ChessBase"]
[SourceDate "2023.10.10"]
[SourceVersion "1"]
[SourceVersionDate "2023.10.10"]
[SourceQuality "1"]

1. d4 Nf6 2. Nf3 g6 3. c4 Bg7 4. Nc3 0-0 5. e4 d6 6. h3 c5 7. Be3 Qa5 8. Qd2 cxd4 9. Nxd4 Nc6 10. Be2 Nxd4 11. Bxd4 Bd7 12. Bxf6 Bxf6 13. Rc1 Bg5 14. f4 Bh4+ 15. Kf1 Qc5 16. Nd1 Bc6 17. Bf3 f5 18. b4 Qb6 19. c5 dxc5 20. bxc5 Qa6+ 21. Be2 Qa3 22. Rc3 Qb4 23. e5 Rad8 24. Qc1 Rd4 25. Kg1 Rxf4 26. g3 Qd4+ 27. Qe3 Bxh1 28. gxf4 Qxe3+ 29. Nxe3 Bc6 30. Ng2 g5 31. Nxh4 gxh4 32. Bc4+ Kg7 33. Rd3 Kh6 34. Kf2 Rc8 35. Bd5 Bb5 36. Rc3 Rc7 37. a4 Bxa4 38. Ra3 Rxc5 39. Rxa4 Rxd5 40. Rxa7 Rb5 41. Ra8 Rb3 42. Re8 Rb4 43. Kf3 Rb3+ 44. Kf2 Rxh3 45. Rxe7 b5 46. Re6+ Kh5 47. Rb6 Kg4 48. e6 Kxf4 49. e7 Re3 50. Rxb5 Rxe7 51. Rb4+ Re4 52. Rb7 h5 53. Rb3 Kg4 54. Rb8 Rf4+ 55. Kg2 h3+ 56. Kh2 Rf2+ 57. Kg1 Rg2+ 58. Kh1 Rc2 59. Rb4+ f4 60. Rb3 h4 61. Ra3 Re2 62. Rb3 Re3 63. Rb2 Kg3 64. Kg1 Re1# 0-1

[Event "Titled Tuesday intern op 12th Sep Late"]
[Site "Chess.com INT"]
[Date "2023.09.12"]
[Round "9"]
[White "Castella Garcia, Fausto"]
[Black "Al Saffar, Araz Basim Mohammed"]
[Result "0-1"]
[WhiteElo "2320"]
[BlackElo "2390"]
[PlyCount "116"]
[EventDate "2023.09.12"]
[EventType "swiss (blitz)"]
[EventRounds "11"]
[EventCountry "USA"]
[SourceTitle "EXT 2024"]
[Source "ChessBase"]
[SourceDate "2023.10.10"]
[SourceVersion "1"]
[SourceVersionDate "2023.10.10"]
[SourceQuality "1"]

1. e4 d5 2. exd5 Qxd5 3. Nc3 Qd6 4. d4 c6 5. Nf3 Bg4 6. Bc4 Nf6 7. Be3 Nbd7 8. h3 Bh5 9. g4 Bg6 10. Qe2 e6 11. 0-0-0 0-0-0 12. Ne5 Qc7 13. f4 Nxe5 14. dxe5 Nd5 15. Bxd5 cxd5 16. Nb5 Qa5 17. Nxa7+ Kb8 18. Kb1 Bc5 19. Bxc5 Qxc5 20. Nb5 Bxc2+ 21. Qxc2 Qxb5 22. Rc1 Rc8 23. Qd2 Rc4 24. Rxc4 Qxc4 25. Rc1 Qe4+ 26. Ka1 h5 27. Qc3 Qc4 28. Qxc4 dxc4 29. g5 Rd8 30. a3 Rd4 31. Rf1 g6 32. Rf3 Rd1+ 33. Ka2 h4 34. a4 Rg1 35. Ka3 Rg3 36. Rc3 Kc7 37. Kb4 Kc6 38. Rxc4+ Kd5 39. Rc7 Rxh3 40. Rxb7 Rf3 41. Rxf7 h3 42. Kb5 Rb3+ 43. Ka6 Rxb2 44. Rh7 h2 45. a5 Ke4 46. Rh4 Kf3 47. Ka7 Kg3 48. Rh6 Kg2 49. a6 h1Q 50. Rxh1 Kxh1 51. Ka8 Rb4 52. a7 Rxf4 53. Kb7 Rf7+ 54. Kb6 Rf8 55. Kb7 Kg2 56. a8Q Rxa8 57. Kxa8 Kf3 58. Kb7 Ke4 0-1

[Event "Titled Tuesday intern op 12th Sep Late"]
[Site "Chess.com INT"]
[Date "2023.09.12"]
[Round "2"]
[White "Lotero, Faiber"]
[Black "Al Saffar, Araz Basim Mohammed"]
[Result "0-1"]
[WhiteElo "2127"]
[BlackElo "2390"]
[PlyCount "86"]
[EventDate "2023.09.12"]
[EventType "swiss (blitz)"]
[EventRounds "11"]
[EventCountry "USA"]
[SourceTitle "EXT 2024"]
[Source "ChessBase"]
[SourceDate "2023.10.10"]
[SourceVersion "1"]
[SourceVersionDate "2023.10.10"]
[SourceQuality "1"]

1. d4 d5 2. c4 e6 3. Nc3 a6 4. cxd5 exd5 5. Bf4 Nf6 6. e3 Bd6 7. Bxd6 Qxd6 8. Qf3 Bg4 9. Qg3 Qxg3 10. hxg3 Bf5 11. Kd2 Nc6 12. Bd3 Ne7 13. Bxf5 Nxf5 14. Nh3 c6 15. a4 Nd6 16. b3 a5 17. Nf4 0-0 18. Nh5 Nfe4+ 19. Nxe4 Nxe4+ 20. Ke2 Rfe8 21. f3 Nd6 22. Nf4 Nf5 23. Kf2 Nxe3 24. g4 Nc2 25. Rad1 Re7 26. Nd3 Nxd4 27. Nc5 Ne6 28. Nd3 Rae8 29. b4 axb4 30. Nxb4 Nc5 31. a5 Re2+ 32. Kg3 Rb2 33. Nd3 Nxd3 34. Rxd3 Ra8 35. Re1 Kf8 36. Rde3 g6 37. g5 d4 38. Re7 Rxa5 39. f4 Ra3+ 40. Kh4 Rxg2 41. f5 gxf5 42. Rxb7 Rg4+ 43. Kh5 Rh3# 0-1

[Event "Titled Tuesday intern op 12th Sep Late"]
[Site "Chess.com INT"]
[Date "2023.09.12"]
[Round "5"]
[White "Pon, Matt"]
[Black "Al Saffar, Araz Basim Mohammed"]
[Result "1-0"]
[WhiteElo "2185"]
[BlackElo "2390"]
[PlyCount "65"]
[EventDate "2023.09.12"]
[EventType "swiss (blitz)"]
[EventRounds "11"]
[EventCountry "USA"]
[SourceTitle "EXT 2024"]
[Source "ChessBase"]
[SourceDate "2023.10.10"]
[SourceVersion "1"]
[SourceVersionDate "2023.10.10"]
[SourceQuality "1"]

1. e4 d5 2. exd5 Qxd5 3. Nc3 Qd6 4. Nf3 Bg4 5. Be2 Nf6 6. h3 Bh5 7. d3 Nc6 8. Bg5 e6 9. Qd2 Be7 10. Bf4 e5 11. Bg3 0-0 12. 0-0 Rad8 13. Rad1 Rfe8 14. Qc1 Bxf3 15. Bxf3 Nd4 16. Be2 Nd5 17. Rfe1 Nxc3 18. bxc3 Nf5 19. Bh2 Bf6 20. Bg4 Ne7 21. Qb2 b6 22. Qb5 Qd5 23. a4 c6 24. Qb4 c5 25. Qb5 Ng6 26. Bf3 Qa2 27. Re2 c4 28. d4 Re7 29. d5 Qa3 30. Qxc4 Qd6 31. Qb4 Rc7 32. Be4 Ne7 33. a5 1-0

[Event "Titled Tuesday intern op 12th Sep Early"]
[Site "Chess.com INT"]
[Date "2023.09.12"]
[Round "10"]
[White "Secer, Ata"]
[Black "Al Saffar, Araz Basim Mohammed"]
[Result "1-0"]
[WhiteElo "2332"]
[BlackElo "2390"]
[PlyCount "91"]
[EventDate "2023.09.12"]
[EventType "swiss (blitz)"]
[EventRounds "11"]
[EventCountry "USA"]
[SourceTitle "EXT 2024"]
[Source "ChessBase"]
[SourceDate "2023.10.10"]
[SourceVersion "1"]
[SourceVersionDate "2023.10.10"]
[SourceQuality "1"]

1. e4 d5 2. exd5 Qxd5 3. Nc3 Qd6 4. d4 c6 5. Nf3 Bf5 6. Ne5 Nd7 7. Bf4 Nxe5 8. Bxe5 Qd7 9. Qd2 e6 10. 0-0-0 Nf6 11. f3 h5 12. Bd3 Bxd3 13. Qxd3 Be7 14. Kb1 0-0-0 15. Ne4 Nxe4 16. fxe4 f6 17. Bg3 h4 18. Bf2 Rh5 19. Qf3 Qe8 20. Qg4 Qf7 21. Rhf1 f5 22. Bg1 fxg4 23. Rxf7 Bf6 24. c3 Rd7 25. Rxd7 Kxd7 26. e5 Bd8 27. Rf1 Rf5 28. Re1 Ke8 29. Kc2 Kf7 30. Kd3 Kg6 31. Re4 Kh5 32. Ke2 Bg5 33. c4 a6 34. b4 Rf4 35. Rxf4 Bxf4 36. Kd3 g5 37. Ke4 Kg6 38. d5 Kf7 39. d6 Ke8 40. a4 b5 41. axb5 axb5 42. cxb5 cxb5 43. h3 gxh3 44. gxh3 Kd7 45. Be3 Bxe3 46. Kxe3 1-0

[Event "Titled Tuesday intern op 09th May Late"]
[Site "Chess.com INT"]
[Date "2023.05.09"]
[Round "10"]
[White "Al Saffar, Araz Basim Mohammed"]
[Black "Prydun, Andriy"]
[Result "1-0"]
[WhiteElo "2390"]
[BlackElo "2134"]
[PlyCount "103"]
[EventDate "2023.05.09"]
[EventType "swiss (blitz)"]
[EventRounds "11"]
[EventCountry "USA"]
[SourceTitle "CBM 214 Extra"]
[Source "ChessBase"]
[SourceDate "2023.07.31"]
[SourceVersion "1"]
[SourceVersionDate "2023.07.31"]
[SourceQuality "1"]

1. d4 Nf6 2. c4 c6 3. Nc3 d5 4. cxd5 cxd5 5. Bf4 Nc6 6. e3 Bg4 7. Qb3 Na5 8. Qa4+ Bd7 9. Qc2 e6 10. Nf3 Rc8 11. Bd3 Bb4 12. 0-0 h6 13. Ne5 0-0 14. Rfc1 a6 15. h3 Bb5 16. Bxb5 axb5 17. Qd3 Nc4 18. b3 Bxc3 19. Rxc3 Nd6 20. Rac1 Ra8 21. R1c2 Qb6 22. Rc5 Nfe4 23. Rc7 Rfc8 24. Rxc8+ Rxc8 25. f3 Rxc2 26. Qxc2 Nf6 27. Nd3 Nd7 28. Nc5 Nf6 29. Bxd6 Qxd6 30. Nxb7 Qg3 31. Qf2 Qb8 32. Nc5 h5 33. Qd2 b4 34. Nd3 h4 35. Qxb4 Qc8 36. Nc5 Nh5 37. a4 Qc7 38. a5 Ng3 39. Qb6 Ne2+ 40. Kf2 Qg3+ 41. Kxe2 Qxg2+ 42. Kd3 Qf1+ 43. Kc3 Qe1+ 44. Kb2 Qd2+ 45. Ka3 Qc1+ 46. Kb4 Qd2+ 47. Kb5 Qe2+ 48. Kc6 Qxf3 49. Qd8+ Kh7 50. Qxh4+ Kg6 51. Qg4+ Qxg4 52. hxg4 1-0

[Event "Titled Tuesday intern op 09th May Late"]
[Site "Chess.com INT"]
[Date "2023.05.09"]
[Round "3"]
[White "Danielyan, Vahe"]
[Black "Al Saffar, Araz Basim Mohammed"]
[Result "1-0"]
[WhiteElo "2346"]
[BlackElo "2390"]
[PlyCount "81"]
[EventDate "2023.05.09"]
[EventType "swiss (blitz)"]
[EventRounds "11"]
[EventCountry "USA"]
[SourceTitle "CBM 214 Extra"]
[Source "ChessBase"]
[SourceDate "2023.07.31"]
[SourceVersion "1"]
[SourceVersionDate "2023.07.31"]
[SourceQuality "1"]

1. c4 Nf6 2. g3 d5 3. cxd5 Nxd5 4. Bg2 c5 5. Nc3 Nc7 6. Nf3 Nc6 7. 0-0 e5 8. d3 Be7 9. b3 0-0 10. Bb2 f6 11. Rc1 Nd4 12. Nxd4 cxd4 13. Ne4 Nd5 14. Nc5 b6 15. Ne4 Bb7 16. a3 Rc8 17. b4 Rxc1 18. Qxc1 Qd7 19. Qc4 Rc8 20. Qb3 Kf8 21. h4 Bc6 22. Rc1 Rc7 23. Nd2 Bd8 24. Rxc6 Qxc6 25. Bxd5 Qc2 26. Ne4 Qxe2 27. Bc4 Be7 28. b5 h6 29. a4 f5 30. Bg8 Qe1+ 31. Kg2 Bb4 32. Bh7 fxe4 33. Qg8+ Ke7 34. Qxg7+ Kd6 35. Qf6+ Kd7 36. Bf5+ Ke8 37. Qxe5+ Re7 38. Qh8+ Kf7 39. Bxd4 Bc5 40. Qg7+ Ke8 41. Qg8# 1-0

[Event "Titled Tuesday intern op 27th Oct"]
[Site "Chess.com INT"]
[Date "2020.10.27"]
[Round "11"]
[White "Sergienko, Sergey"]
[Black "Al Saffar, Araz Basim Mohammed"]
[Result "1-0"]
[WhiteElo "2335"]
[BlackElo "2382"]
[PlyCount "61"]
[EventDate "2020.10.27"]
[EventType "swiss (blitz)"]
[EventRounds "11"]
[EventCountry "USA"]
[SourceTitle "CBM 199 Extra"]
[Source "ChessBase"]
[SourceDate "2021.01.31"]
[SourceVersion "1"]
[SourceVersionDate "2021.01.31"]
[SourceQuality "1"]

1. e4 e5 2. Nf3 Nc6 3. Bb5 a6 4. Ba4 Nf6 5. Bxc6 dxc6 6. d3 Bd6 7. Nbd2 Nd7 8. Nc4 0-0 9. 0-0 f6 10. h3 Nc5 11. Nh4 Be6 12. Ne3 a5 13. Nhf5 g6 14. Nxd6 cxd6 15. a4 g5 16. Nf5 Bxf5 17. exf5 Kg7 18. b3 d5 19. Ba3 b6 20. d4 exd4 21. Qxd4 Qd6 22. f4 h6 23. fxg5 hxg5 24. Rae1 Rfe8 25. Qg4 Qd7 26. Bb2 Ne4 27. Rxe4 Rxe4 28. Qxg5+ Kf7 29. Qxf6+ Ke8 30. Qh8+ Ke7 31. Qxa8 1-0

[Event "Titled Tuesday intern op 01st Sept"]
[Site "Chess.com INT"]
[Date "2020.09.01"]
[Round "5"]
[White "Al Saffar, Araz Basim Mohammed"]
[Black "Mrudul, Dehankar"]
[Result "1-0"]
[WhiteElo "2382"]
[BlackElo "2256"]
[PlyCount "69"]
[EventDate "2020.09.01"]
[EventType "swiss (blitz)"]
[EventRounds "10"]
[EventCountry "USA"]
[SourceTitle "CBM 198 Extra"]
[Source "ChessBase"]
[SourceDate "2020.11.30"]
[SourceVersion "1"]
[SourceVersionDate "2020.11.30"]
[SourceQuality "1"]

1. d4 Nf6 2. Nf3 e6 3. c4 Bb4+ 4. Nbd2 b6 5. g3 Bb7 6. Bg2 Bxd2+ 7. Bxd2 0-0 8. 0-0 d6 9. Rc1 Nbd7 10. b4 Be4 11. Bc3 Qe7 12. Bh3 c5 13. Nd2 Bb7 14. Re1 Rac8 15. e4 cxd4 16. Bxd4 Ne5 17. Qb3 Ng6 18. Bg2 e5 19. Bb2 Nh5 20. Nf1 Rcd8 21. Ne3 Bc8 22. Nd5 Qg5 23. Rcd1 f5 24. c5 Be6 25. exf5 Qxf5 26. Qe3 bxc5 27. bxc5 dxc5 28. Qxc5 Rc8 29. Qe3 Rc2 30. Rd2 Rxd2 31. Qxd2 Rc8 32. Rxe5 Qf7 33. Rxh5 Nf8 34. Rg5 g6 35. Qd4 1-0

[Event "Titled Tuesday intern op 01st Sept"]
[Site "Chess.com INT"]
[Date "2020.09.01"]
[Round "9"]
[White "Al Saffar, Araz Basim Mohammed"]
[Black "Nurmanova, Alua"]
[Result "1-0"]
[WhiteElo "2382"]
[BlackElo "2026"]
[PlyCount "75"]
[EventDate "2020.09.01"]
[EventType "swiss (blitz)"]
[EventRounds "10"]
[EventCountry "USA"]
[SourceTitle "CBM 198 Extra"]
[Source "ChessBase"]
[SourceDate "2020.11.30"]
[SourceVersion "1"]
[SourceVersionDate "2020.11.30"]
[SourceQuality "1"]

1. d4 Nf6 2. Nf3 g6 3. Bf4 Bg7 4. Nc3 d5 5. e3 0-0 6. Nb5 Na6 7. Bd3 c6 8. Na3 Nc7 9. h3 Re8 10. 0-0 Ne4 11. c3 Bd7 12. Nb1 h6 13. Nbd2 Nxd2 14. Qxd2 c5 15. Rfe1 b6 16. Rad1 Kh7 17. Bb1 Bc6 18. Ne5 Bxe5 19. Bxe5 f6 20. Qc2 Rg8 21. Bg3 c4 22. h4 h5 23. f3 Bd7 24. e4 dxe4 25. Qxe4 Rg7 26. Bxc7 Qxc7 27. Qxa8 Bc6 28. Qf8 Bxf3 29. Rd2 Bd5 30. Rde2 Qg3 31. Be4 Rf7 32. Qd8 Be6 33. Bd5 Bxd5 34. Qxd5 e6 35. Qxe6 Rg7 36. Qxf6 Kh6 37. Re7 Rxe7 38. Rxe7 1-0

[Event "Titled Tuesday intern op 01st Sept"]
[Site "Chess.com INT"]
[Date "2020.09.01"]
[Round "4"]
[White "Mendes Domingues, Ribeiro Matheus"]
[Black "Al Saffar, Araz Basim Mohammed"]
[Result "1-0"]
[WhiteElo "2133"]
[BlackElo "2382"]
[PlyCount "65"]
[EventDate "2020.09.01"]
[EventType "swiss (blitz)"]
[EventRounds "10"]
[EventCountry "USA"]
[SourceTitle "CBM 198 Extra"]
[Source "ChessBase"]
[SourceDate "2020.11.30"]
[SourceVersion "1"]
[SourceVersionDate "2020.11.30"]
[SourceQuality "1"]

1. c4 c6 2. Nf3 d5 3. e3 g6 4. Nc3 Bg7 5. b3 Nf6 6. Bb2 0-0 7. cxd5 cxd5 8. Be2 Nc6 9. 0-0 e5 10. d4 e4 11. Ne5 Bd7 12. f4 exf3 13. Bxf3 Nxe5 14. dxe5 Ne8 15. Nxd5 Nc7 16. Nf6+ Bxf6 17. exf6 Bc6 18. Bxc6 bxc6 19. Qf3 Qd5 20. Qxd5 cxd5 21. Rac1 Ne6 22. Rfd1 Rfd8 23. Rc2 Rd7 24. Rcd2 Rad8 25. e4 d4 26. Rd3 Nf4 27. R3d2 Ne6 28. g3 h6 29. Kf2 Kh7 30. h4 g5 31. h5 Nc5 32. Rxd4 Nd3+ 33. R1xd3 1-0

[Event "Titled Tuesday intern op 01st Sept"]
[Site "Chess.com INT"]
[Date "2020.09.01"]
[Round "8"]
[White "Vetokhin, Savva"]
[Black "Al Saffar, Araz Basim Mohammed"]
[Result "0-1"]
[WhiteElo "2349"]
[BlackElo "2382"]
[PlyCount "106"]
[EventDate "2020.09.01"]
[EventType "swiss (blitz)"]
[EventRounds "10"]
[EventCountry "USA"]
[SourceTitle "CBM 198 Extra"]
[Source "ChessBase"]
[SourceDate "2020.11.30"]
[SourceVersion "1"]
[SourceVersionDate "2020.11.30"]
[SourceQuality "1"]

1. e4 d5 2. exd5 Qxd5 3. Nc3 Qd6 4. d4 c6 5. Nf3 Bg4 6. Be3 e6 7. h3 Bh5 8. g4 Bg6 9. Ne5 Nd7 10. Nxg6 hxg6 11. Bg2 Ngf6 12. Qe2 Qc7 13. 0-0-0 Bb4 14. Ne4 Nxe4 15. Bxe4 Nf6 16. Bg2 0-0-0 17. c3 Bd6 18. Kb1 Bf4 19. Qf3 g5 20. Rhe1 Nd5 21. c4 Ne7 22. Qe4 Ng6 23. Rc1 Rhe8 24. Qc2 Kb8 25. a4 Qa5 26. Be4 Ne7 27. b3 Nc8 28. c5 Ne7 29. Bxf4+ gxf4 30. Qd3 Nd5 31. Bxd5 Rxd5 32. Qe4 g5 33. h4 Red8 34. hxg5 Rxd4 35. Qe5+ Ka8 36. g6 fxg6 37. Re2 f3 38. Rb2 a6 39. Qxe6 g5 40. Qf6 Rxg4 41. Qxf3 Rf4 42. Qg3 Rd5 43. Qe3 Ka7 44. Ka2 Rff5 45. Rbc2 Qd8 46. Kb2 Qf6+ 47. Ka2 Rf3 48. Qe2 Rdd3 49. Rb2 Rxb3 50. Rxb3 Rxf2 51. Qxf2 Qxf2+ 52. Rb2 Qd4 53. Ka3 Qe3+ 0-1

[Event "Titled Tuesday intern op 25th Aug"]
[Site "Chess.com INT"]
[Date "2020.08.25"]
[Round "1"]
[White "Al Saffar, Araz Basim Mohammed"]
[Black "Lazavik, Denis"]
[Result "0-1"]
[WhiteElo "2382"]
[BlackElo "2424"]
[PlyCount "86"]
[EventDate "2020.08.25"]
[EventType "swiss (blitz)"]
[EventRounds "10"]
[EventCountry "USA"]
[SourceTitle "CBM 198 Extra"]
[Source "ChessBase"]
[SourceDate "2020.11.30"]
[SourceVersion "1"]
[SourceVersionDate "2020.11.30"]
[SourceQuality "1"]

1. d4 d5 2. Nf3 Nf6 3. Bf4 e6 4. e3 Bd6 5. Bg3 c5 6. c3 Qc7 7. Nbd2 Nbd7 8. dxc5 Nxc5 9. Be2 0-0 10. Bxd6 Qxd6 11. 0-0 e5 12. c4 d4 13. exd4 exd4 14. b4 Ne6 15. c5 Qd8 16. Nb3 Nd5 17. Qd2 Ndf4 18. Rad1 Qf6 19. Rfe1 Rd8 20. Bf1 b6 21. c6 d3 22. g3 Ng6 23. Bg2 Ba6 24. a4 Bc4 25. Nc1 Bd5 26. b5 Bxf3 27. Bxf3 Qxf3 28. Nxd3 h6 29. Qc2 Nd4 30. Qb2 Qd5 31. Nb4 Nf3+ 32. Kf1 Qc4+ 33. Kg2 Nxe1+ 34. Rxe1 Nf8 35. Na6 Ne6 36. c7 Nxc7 37. Rc1 Qd5+ 38. Kg1 Nxa6 39. bxa6 Rac8 40. Rxc8 Rxc8 41. Qb1 Qc6 42. Qe1 Qc1 43. Qxc1 Rxc1+ 0-1